000 01299cam a2200169 4500500
005 20260329011812.0
041 _afre
042 _adc
100 1 0 _aZongo, Issa
_eauthor
700 1 0 _aDabat-Partiot,
_eauthor
245 0 0 _aTripple bagging cowpea effect on market power of producers in the north of Burkina Faso
260 _c2025.
500 _a23
520 _aTriple bottom bags (or PICS bags) have brought much hope to West African countries for the conservation of agricultural products. Yet they struggle to spread because technical innovation is not accompanied by sufficient organizational and social change. Using several statistical, econometric and accounting analyses, the authors show that access to PICS bags to store cowpea in the northern region of Burkina Faso is part of a set of conditionalities such as access to credit, organizing groups for collective sales or seeking new outlets. These related innovations combine to give cowpea producers the ability to better negotiate their selling prices, improving their market power and consequently their incomes. (JEL: C01, D51, O13, O33).
786 0 _nÉconomie rurale | 394 | 4 | 2025-11-21 | p. 75-92 | 0013-0559
856 4 1 _uhttps://shs.cairn.info/journal-economie-rurale-2025-4-page-75?lang=en&redirect-ssocas=7080
999 _c1865121
_d1865121